000 00262nam a22001097a 4500
008 170125b xxu||||| |||| 00| 0 eng d
020 _a9780911910872
041 _aeng
080 _a61
245 _aMERCK MANUAL OF MEDICAL INFORMATION
_cBERKOW, R
942 _2udc
_cBK
999 _c3689
_d3689